| 000 | 02146 a2200217 4500 | ||
|---|---|---|---|
| 999 |
_c11034 _d11034 |
||
| 020 | _a9780323569118 | ||
| 050 |
_aRG558 _b.BLA 2018 |
||
| 100 |
_aBlackburn, Susan Tucker _eauthor |
||
| 245 |
_aMaternal, fetal, and neonatal physiology: _b a clinical perspective / _cSusan Tucker Blackburn |
||
| 250 | _aFifth edition | ||
| 264 |
_aSt. Louis, Missouri: _bElsevier, _c2018 |
||
| 300 | _a xiv, 705 pages : illustrations (some color) ; 28 cm | ||
| 336 |
_2text _atxt _brdacontent |
||
| 337 |
_2unmediated _an _brdamedia |
||
| 338 |
_2volume _anc _brdacarrier |
||
| 504 | _aIncludes bibliography and index | ||
| 505 | _aBiologic basis for reproduction Physiologic basis for reproduction Prenatal period and placental physiology Parturition and uterine physiology Postpartum period and lactation physiology Fetal assessment Pharmacology and pharmacokinetics during the perinatal period Hematologic and hemostatic systems Cardiovascular system Respiratory system Renal system and fluid and electrolyte homeostasis Gastrointestinal and hepatic systems and perinatal nutrition Immune system and host defense mechanisms Integumentary system Neurologic, muscular, and sensory systems Carbohydrate, fat, and protein metabolism Calcium and phosphorus metabolism Bilirubin metabolism Pituitary, adrenal, and thyroid function Thermoregulation | ||
| 520 | _aAwarded first place in the 2018 AJN Book of the Year Awards in the Maternal-Child Health/Prenatal Nursing/ Childbirth category! Learn to provide the best prenatal, intrapartum, postpartum, and neonatal care possible. Maternal, Fetal, & Neonatal Physiology: A Clinical Perspective, 5th Edition includes expert insight and clinically relevant coverage of the physiologic changes that occur throughout all major periods of the perinatal experience. This classic reference gives you a solid foundation for assessment and therapeutic interventions, featuring an emphasis on the evolving interrelationships between mother, fetus, and neonate and adaptations of preterm and term infants to the extrauterine environment" -- | ||
| 650 | _aFetus Physiology | ||
| 942 |
_2lcc _cBK _h558 _iBLA _kRG |
||